00532nam a2200193 a 4500001001300000003000900013005001700022008004100039020002300080082001600103100002100119245004400140260004400184300000900228500003500237505001000272650003500282700002100317nice12345678IN_TiNIC20260116013805.0050524s1993 dela grp 000 0 eng  a8171007 c42500a001.42bTHA aThakur, Devendra aResearch Methodology in Social Sciences aDelhibDeep and Deep Publicationsc1993 a490p aincludes index and biblioraphy2 aIndex aSociology-Research Methodology1 aThakur, Devendra